ბათუმის შოთა რუსთაველის სახელმწიფო უნივერსიტეტის ბიბლიოთეკა

ერთი შედევრის ყველა ქართული თარგმანი : [კრებული] : (ბიბ.ჩანაწერი № 54995)

000 -ლიდერი
ფიქსირებული სიგრძის საკონტროლო ველი 03427nam a2200349Ia 4500
001 - საკონტროლო ნომერი
საკონტროლო ველი 22066
003 - საკონტროლო ნომრის იდენტიფიკატორი
საკონტროლო ველი GE_BSU
005 - ბოლო ოპერაციის თარიღი და დრო
საკონტროლო ველი 20221011162354.0
008 - ფიქსირებული სიგრძის მონაცემთა ელემენტები - ზოგადი ინფორმაცია
ფიქსირებული სიგრძის საკონტროლო ველი 181216s ||||ge |||||||||||||| ||geo||
020 ## - წიგნის საერთაშორისო სტანდარტული ნომერი
International Standard Book Number 9789941458699
040 ## - კატალოგიზაციის წყარო
Transcribing agency GE_BSU
041 ## - ენის კოდი
Language code of text/sound track or separate title GEO
080 ## - უნივერსალური ათობითი კლასიფიკაციის ინდექსი
Universal Decimal Classification number 821.111–193.3+821.161.1.03=353.1 ე-77
245 ## - ცნობა სათაურის შესახებ
Title ერთი შედევრის ყველა ქართული თარგმანი : [კრებული] :
Remainder of title უილიამ შექსპირი, უოლტ უიტმენი, რადიარდ კიპლინგი, მარინა ცვეტაევა, ბორის პასტერნაკი /
Statement of responsibility, etc საგამომცემლო პროექტის ავტორი ზვიად კვარაცხელია ; რედაქტორი ირმა ჩინჩალაძე ; გარეკანის დიზაინერი თეონა ჭანიშვილი.
264 ## - წარმოების, გამოცემის, დისტრიბუციის და სხვა ცნობები
გამოცემის, წარმოების, დისტრიბუციის... ადგილი თბილისი :
გამოცემის, წარმოების, დისტრიბუციის... სახელწოდება ინტელექტი,
გამოცემის, წარმოების, დისტრიბუციის... თარიღი 2015.
300 ## - ფიზიკური აღწერა
Extent 228 გვ. ;
Dimensions 18 სმ.
490 ## - სერიის ცნობა
Series statement ერთი შედევრის თარგმანები
520 ## - SUMMARY, ETC.
Summary, etc ერთი შედევრის თარგმანები.
653 ## - INDEX TERM--UNCONTROLLED
Uncontrolled term ერთი შედევრის ყველა ქართული თარგმანი
653 ## - INDEX TERM--UNCONTROLLED
Uncontrolled term [კრებული]
653 ## - INDEX TERM--UNCONTROLLED
Uncontrolled term მხატვრული ლიტერატურა
653 ## - INDEX TERM--UNCONTROLLED
Uncontrolled term სამოცდამეექვსე სონეტი : ერთი შედევრის თერთმეტი ქართული თარგმანი / უილიამ შექსპირი. ო, კაპიტანო, ჩემო კაპიტანო!
653 ## - INDEX TERM--UNCONTROLLED
Uncontrolled term ერთი შედევრის თორმეტი ქართული თარგმანი / უოლტ უიტმენი. თუ : ერთი შედევრის თხუთმეტი ქართული თარგმანი / რადიარდ კიპლინგი. მე მომწონს ის, რომ თქვენ არა ხართ სნეული ჩემით
700 ## - ADDED ENTRY--PERSONAL NAME
Personal name შექსპირი, უილიამ
Relator term ავტორი
9 (RLIN) 5542
700 ## - ADDED ENTRY--PERSONAL NAME
Personal name უიტმენი, უოლტ
Relator term ავტორი
9 (RLIN) 15247
700 ## - ADDED ENTRY--PERSONAL NAME
Personal name კიპლინგი, რადიარდ
Relator term ავტორი
9 (RLIN) 15248
700 ## - ADDED ENTRY--PERSONAL NAME
Personal name ცვეტაევა, მარინა
Relator term ავტორი
9 (RLIN) 15249
700 ## - ADDED ENTRY--PERSONAL NAME
Personal name პასტერნაკი, ბორის
Relator term ავტორი
9 (RLIN) 15250
700 ## - ADDED ENTRY--PERSONAL NAME
Personal name ჩინჩალაძე, ირმა
Relator term რედაქტორი
9 (RLIN) 15251
942 ## - ADDED ENTRY ELEMENTS (KOHA)
Koha item type წიგნი
Source of classification or shelving scheme
ეგზემპლარები
ჩამოწერის სტატუსი დაკარგული ეგზემპლარის სტატუსი კლასიფიკაციის წყარო ან თაროზე გაწყობის სქემა დაზიანების სტატუსი არ გაიცემა მუდმივი მდებარეობა (დაცვის ადგილი) ამჟამინდელი ადგილსამყოფელი თაროზე განთავსების ადგილი შეძენის თარიღი ღირებულება, შესყიდვის ნორმალური ფასი სრული შენახვის შიფრი შტრიხკოდი ბოლო ოპერაციის თარიღი ეგზემპლარის მიმდევრობითი ნომერი (კეტერი?) ფასის ძალაში შესვლის თარიღი ეგზემპლარის სახეობა საჯარო შენიშვნა
          ბათუმის შოთა რუსთაველის სახელმწიფო უნივერსიტეტის მთავარი ბიბლიოთეკა ბათუმის შოთა რუსთაველის სახელმწიფო უნივერსიტეტის მთავარი ბიბლიოთეკა წიგნსაცავი 2018-12-17 4.70 821.111–193.3+821.161.1.03=353.1 ე-77 56879 2018-12-17 56879 2018-12-17 წიგნი 4.70 ₾.
          ბათუმის შოთა რუსთაველის სახელმწიფო უნივერსიტეტის მთავარი ბიბლიოთეკა ბათუმის შოთა რუსთაველის სახელმწიფო უნივერსიტეტის მთავარი ბიბლიოთეკა წიგნსაცავი 2018-12-17 4.70 821.111–193.3+821.161.1.03=353.1 ე-77 56880 2018-12-17 56880 2018-12-17 წიგნი 4.70 ₾.
          ბათუმის შოთა რუსთაველის სახელმწიფო უნივერსიტეტის მთავარი ბიბლიოთეკა ბათუმის შოთა რუსთაველის სახელმწიფო უნივერსიტეტის მთავარი ბიბლიოთეკა წიგნსაცავი 2018-12-17 4.70 821.111–193.3+821.161.1.03=353.1 ე-77 56881 2018-12-17 56881 2018-12-17 წიგნი 4.70 ₾.
          ბათუმის შოთა რუსთაველის სახელმწიფო უნივერსიტეტის მთავარი ბიბლიოთეკა ბათუმის შოთა რუსთაველის სახელმწიფო უნივერსიტეტის მთავარი ბიბლიოთეკა წიგნსაცავი 2018-12-17 4.70 821.111–193.3+821.161.1.03=353.1 ე-77 56882 2018-12-17 56882 2018-12-17 წიგნი 4.70 ₾.
          ბათუმის შოთა რუსთაველის სახელმწიფო უნივერსიტეტის მთავარი ბიბლიოთეკა ბათუმის შოთა რუსთაველის სახელმწიფო უნივერსიტეტის მთავარი ბიბლიოთეკა წიგნსაცავი 2018-12-17 4.70 821.111–193.3+821.161.1.03=353.1 ე-77 56883 2018-12-17 56883 2018-12-17 წიგნი 4.70 ₾.
          ბათუმის შოთა რუსთაველის სახელმწიფო უნივერსიტეტის მთავარი ბიბლიოთეკა ბათუმის შოთა რუსთაველის სახელმწიფო უნივერსიტეტის მთავარი ბიბლიოთეკა წიგნსაცავი 2018-12-17 4.70 821.111–193.3+821.161.1.03=353.1 ე-77 56884 2018-12-17 56884 2018-12-17 წიგნი 4.70 ₾.
          ბათუმის შოთა რუსთაველის სახელმწიფო უნივერსიტეტის მთავარი ბიბლიოთეკა ბათუმის შოთა რუსთაველის სახელმწიფო უნივერსიტეტის მთავარი ბიბლიოთეკა წიგნსაცავი 2018-12-17 4.70 821.111–193.3+821.161.1.03=353.1 ე-77 56885 2018-12-17 56885 2018-12-17 წიგნი 4.70 ₾.
          ბათუმის შოთა რუსთაველის სახელმწიფო უნივერსიტეტის მთავარი ბიბლიოთეკა ბათუმის შოთა რუსთაველის სახელმწიფო უნივერსიტეტის მთავარი ბიბლიოთეკა წიგნსაცავი 2018-12-17 4.70 821.111–193.3+821.161.1.03=353.1 ე-77 56886 2018-12-17 56886 2018-12-17 წიგნი 4.70 ₾.
          ბათუმის შოთა რუსთაველის სახელმწიფო უნივერსიტეტის მთავარი ბიბლიოთეკა ბათუმის შოთა რუსთაველის სახელმწიფო უნივერსიტეტის მთავარი ბიბლიოთეკა წიგნსაცავი 2018-12-17 4.70 821.111–193.3+821.161.1.03=353.1 ე-77 56887 2018-12-17 56887 2018-12-17 წიგნი 4.70 ₾.
          ბათუმის შოთა რუსთაველის სახელმწიფო უნივერსიტეტის მთავარი ბიბლიოთეკა ბათუმის შოთა რუსთაველის სახელმწიფო უნივერსიტეტის მთავარი ბიბლიოთეკა წიგნსაცავი 2018-12-17 4.70 821.111–193.3+821.161.1.03=353.1 ე-77 56888 2018-12-17 56888 2018-12-17 წიგნი 4.70 ₾.